000 00685nam a22002057a 4500
005 20110929102127.0
010 _aG-001467
020 _c250.00
_a9788190598026
035 1 d _aG-001467
037 _bGift
082 _a954.0317
100 _aLittle, J.H.
_935012
245 _aHouse of Jagat Seth /
_cby J.H. Little
260 _aKolkata
_bBibliophil
_c2008
270 _a206, Bidhan Sarani
_bKolkata
_e700006
300 _a264p.
_c22cm(Hb)
942 _2ddc
_cEN
_h954.0317
_mLIT
999 _c57130
_d57130